000 00331nam a2200145Ia 4500
003 OSt
005 20240301114941.0
008 170524s9999 xx 000 0 und d
020 _a978-9353168384
040 _cIIMT UNIVERSITY
100 _aLal. Jawahar
245 0 _aCost Accounting
260 _aNew Delhi:TMH
942 _2ddc
_c01
999 _c3096
_d3096